LEADER 01245cam a22002655i 4500 001 991004312437807536 005 20250319134034.0 008 240315s2022 gw a 001 0 ger 020 $a9783787331765 (v. 1) 020 $a9783787331772 (v. 2) 020 $a9783787331789 (v. 3) 020 $a9783787331796 (v. 4) 040 $aBibl. Dip.le Aggr. Studi Umanistici - Sez. Filosofia$bita 100 1 $aSchopenhauer, Arthur$0134228 245 10$aVorlesung uber Die gesamte Philosophie oder die Lehre vom Wesen der Welt und dem menschlichen Geiste /$cArthur Schopenhauer ; herausgegeben von Daniel Schubbe ; unter Mitarbeit von Judith Werntgen-Schmidt und Daniel Elon 264 1$aHamburg :$bFelix Meiner Verlag,$c2022 300 $av. ;$c19 cm. 490 0 $aPhilosophische Bibliothek ;$vBand 701 500 $av. 1. : Theorie des gesamten Vorstellens, Denkens und Erkennens ; v. 2.: Metaphysik der Natur ; v. 3.: Metaphysik des Schonem ; v. 4.: Metaphysik der Sitten. 700 1 $aWerntgen-Schmidt, Judith 700 1 $aElon, Daniel 700 1 $aSchubbe, Daniel 912 $a991004312437807536 996 $aVorlesung uber Die gesamte Philosophie oder die Lehre vom Wesen der Welt und dem menschlichen Geiste$94148709 997 $aUNISALENTO